Charles de Gaulle /

Biografía del militar, político y estadista francés Charles de Gaulle (1890-1970) que muestra su trayectoria militar a partir de ser líder del movimiento en el exilio Francia Libre, contra el gobierno de Vichy y la ocupación alemana (1940-44), así como los años en que se desempeñó como presidente de...

Descripció completa

Guardat en:
Dades bibliogràfiques
Autor principal: Barrès, Philippe (autor)
Format: Llibre
Idioma:francès
Publicat: Londres, Inglaterra : Hachette, 1941, c1941
Matèries:
Etiquetes: Afegir etiqueta
Sense etiquetes, Sigues el primer a etiquetar aquest registre!

MARC

LEADER 00000nam^a2200000^a^4500
001 000449772
005 20250521000000.0
009 20260526145357.092
037 |a Acervo ITESO - Biblioteca 
041 |a FRA 
082 |a 320. 94408311  |b BAR 
100 |a Barrès, Philippe  |e (autor) 
245 1 0 |a Charles de Gaulle /  |c P. Barrès. 
264 4 |a Londres, Inglaterra :  |b Hachette,  |c 1941, c1941 
300 |a 255 p., 3 láminas 
336 |a texto  |b txt  |2 rdacontenido 
337 |a sin mediación  |b n  |2 rdamedio 
338 |a volumen  |b nc  |2 rdasoporte 
520 |a Biografía del militar, político y estadista francés Charles de Gaulle (1890-1970) que muestra su trayectoria militar a partir de ser líder del movimiento en el exilio Francia Libre, contra el gobierno de Vichy y la ocupación alemana (1940-44), así como los años en que se desempeñó como presidente de Francia (1958-69). 
562 |a Falta sobrecubierta 
649 |a XX 
650 |a Militares Franceses -  |x Biografías 
650 |a Jefes de Estado Franceses -  |x Biografías 
650 |a Políticos Franceses -  |x Biografías 
650 |a Fuerzas Armadas -  |z Francia -  |x Historia -  |y Ocupación Alemana, 1940-1944 
650 |a Guerra Mundial (Segunda), 1939-1945 -  |z Francia -  |x Historia -  |x Tema Principal 
650 |a Política -  |z Francia -  |x Historia -  |y Ocupación Alemana, 1940-1944 -  |x Tema Principal 
650 |a Política -  |z Francia -  |x Historia -  |y Gobierno en el Exilio, 1940-1944 -  |x Tema Principal 
650 |a Política -  |z Francia -  |x Historia -  |y Cuarta República, 1946-1958 
650 |a Política -  |z Francia -  |x Historia -  |y 1958-1969 
650 |a Política -  |z Francia -  |x Historia -  |y Quinta República, 1958 en Adelante 
650 |a Política -  |z Francia -  |x Historia -  |y Siglo XX 
650 |a Política -  |z Europa -  |x Historia -  |y 1939-1945 
650 |a Política -  |z Europa -  |x Historia -  |y 1918-1945 
650 |a Política -  |z Europa -  |x Historia -  |y Siglo XX 
650 |a Francia -  |x Historia -  |y Ocupación Alemana, 1940-1944 -  |x Tema Principal 
650 |a Francia -  |x Historia -  |y Gobierno en el Exilio, 1940-1944 -  |x Tema Principal 
650 |a Francia -  |x Historia -  |y 1958-1969 
650 |a Francia -  |x Historia -  |y Cuarta República, 1946-1958 
650 |a Francia -  |x Historia -  |y Quinta República, 1958 en Adelante 
650 |a Francia -  |x Historia -  |y Siglo XX 
650 |a Gaulle, Charles de -  |x Tema Principal 
910 |a Fondo Efraín González Morfín 
920 |a Impresos - Libros 
930 |a Fondos Especiales 
905 |a 130 
901 |a 0500374005  |b IT2  |c ESL  |i D92363  |u 20250521 
901 |a 0500380562  |b IT2  |c ESL  |i D92401  |u 20250521 
902 |a https://opac.biblio.iteso.mx/vufind/Record/000449772